000 00395cam a22001217a 4500
008 180718b1968 xxu||||| |||| 00| 0 eng d
082 _aA81x54 In2/61/PT1A/3
100 _aCensus of India 1961
245 _aJammu and Kashmir: general report
260 _aDelhi
_bThe Manager of Publications
_c1968
300 _a249+p.
440 _aCensus of India 1961. Volume VI, Jammu and Kashmir. Part I-A (ii)
999 _c484113
_d484113